Statistics for Highest HDI countries in 1990

Click here to take the quiz!

General Stats

  • This quiz has been taken 68 times
  • The average score is 21 of 25

Answer Stats

HDI Country % Correct
0.987Sweden
98%
0.967Finland
98%
0.965Spain
97%
0.961United States
97%
0.978Australia
97%
0.971Denmark
97%
0.970United Kingdom
97%
0.966New Zealand
95%
0.984Netherlands
95%
0.983Canada
95%
0.983Norway
95%
0.974France
95%
0.966Italy
95%
0.961Austria
93%
0.961Ireland
93%
0.996Japan
93%
0.966Belgium
93%
0.986Switzerland
92%
0.949Greece
85%
0.957Israel
67%
0.967West Germany
61%
0.920Soviet Union
54%
0.931Chile
48%
0.931Czechoslovakia
48%
0.953East Germany
41%

Score Distribution

Percentile by Number Answered

Percent of People with Each Score

Your Score History

You have not taken this quiz